Az öngyilkosság megítélése az ellátók oldaláról

Elmentve itt :
Bibliográfiai részletek
Szerző: Szabados Katalin
További közreműködők: Piczil Márta (Témavezető)
Dokumentumtípus: Szakdolgozat
Megjelent: 2009
Tárgyszavak:
Online Access:http://diploma.bibl.u-szeged.hu/92107
LEADER 00646nta a2200181 i 4500
001 dipl92107
005 20200901113847.0
008 200901s2009 hu om 0|| zxx d
040 |a SZTE Diploma Repozitórium  |b hun 
041 |a zxx 
100 1 |a Szabados Katalin 
245 1 3 |a Az öngyilkosság megítélése az ellátók oldaláról  |h [elektronikus dokumentum] /  |c Katalin Szabados 
260 |c 2009 
650 4 |a Orvos- és egészségtudományok 
650 4 |a Medical and health sciences 
650 4 |a Health sciences 
700 1 |a Piczil Márta  |e ths 
856 4 0 |u http://diploma.bibl.u-szeged.hu/id/eprint/92107/1/2009_szabados_katalin.pdf  |z Dokumentum-elérés